000 00351 a2200157 4500
001 61165
020 _a9783126760317
040 _cAnchieta - Pituba
100 _aMotta, Giorgio
240 1 0 _aMagnet B1
_lpor
245 1 0 _aMagnet B1
300 _a104
362 0 _a2010
650 4 _aLínguas germânicas (teutônicas) língua alemã
942 _cBK
999 _c61165
_d61165